Máximo Goleador de Cada Liga - Estadísticas

Estadísticas generales
  • Esta prueba ha sido intentada 46 veces
  • La puntuación promedio es 3 de 10
Estadísticas de respuestas
Goles País Liga Jugador % Correcto
474 España La Liga Lionel Messi
100%
365 Alemania Bundesliga Gerd Müller
69%
260 Inglaterra Premier League Alan Shearer
56%
295 Argentina Liga Argentina Arsenio Erico
5%
299 Francia Ligue 1 Delio Onnis
5%
230 Uruguay Liga Uruguaya Fernando Morena
5%
274 Italia Serie A Silvio Piola
5%
331 Portugal Primeira Liga Fernando Peyroteo
3%
190 Brasil Brasileirão Roberto Dinamite
3%
311 Países Bajos Eredivisie Willy Van Der Kuijlen
3%
No se encontraron pruebas coincidentes
Distribución de puntuación
Porcentaje de gente con cada puntuación
Porcentaje por número respondido
Historial de tus puntuaciones
No has intentado esta prueba.